| 000 | 01960nem0a2200337 4500 | ||
|---|---|---|---|
| 001 | RU\NLR\cart\6677 | ||
| 005 | 20260405124550.0 | ||
| 035 | _a(NLR Aleph) 004276782 | ||
| 090 |
_a2321534 _c2321534 |
||
| 100 | _a20110906d1841 |||y0rusy50 ca | ||
| 101 | 0 | _arus | |
| 102 | _aRU | ||
| 120 | _aayy xx|| | ||
| 123 | 0 |
_aa _b3000000 |
|
| 200 | 1 |
_aМеркаторская карта части севернаго берега Сибири _bКарты _eк путешествию лейтенанта Врангеля в 1820, 21, 22 и 23 годах |
|
| 206 | _a[ок. 1:3 000 000, 30 км в 1 см] | ||
| 210 |
_a[Санкт-Петербург _d1841] |
||
| 215 |
_a1 к _c1 цв. _d29х45 см |
||
| 300 | _aИз изд.: [Рисунки и карты к путешествию по северным берегам Сибири и по Ледовитому морю, совершенному в 1820, 1821, 1822, 1823 и 1824 гг. под начальством флота лейтенанта Ф. П. Врангеля. - Санкт-Петербург, 1841] | ||
| 509 | 0 | 1 |
_7ca _aСибирь Восточная _92634796 _3RU\NLR\auth_crt\551627 |
| 518 | 1 | _aМеркаторская карта части северного берега Сибири | |
| 606 | 1 |
_aПутешествия русские _jКарты _z19 в. _92268349 _3RU\NLR\AUTH\661359693 |
|
| 607 |
_aВосточно-Сибирское море _xЛедовый режим _92475529 _3RU\NLR\AUTH\6601686760 |
||
| 608 |
_aГляциологические карты _91444835 _3RU\NLR\AUTH\66301380 |
||
| 608 |
_aОбщегеографические карты мелкомасштабные _92622600 _3RU\NLR\AUTH\661559160 |
||
| 702 | 1 |
_4060 _8rus _7ca _aВрангель _bФ. П. _f1796-1870 _gФердинанд Петрович _3RU\NLR\AUTH\7750003 _932938 |
|
| 801 | 0 |
_aRU _bNLR _c20110906 _gPSBO |
|
| 852 |
_aNLR _bК _j2-ВСиб 2/28 _m14036 |
||
| 942 | _cMAP | ||
| 980 | _aNB | ||